[Event "South Island Championship 2017"]
[Site "Dunedin, NZL"]
[Date "2017.10.12"]
[Round "4.3"]
[White "Christie, Richie"]
[Black "Jellyman, Riley"]
[Result "1/2-1/2"]
[WhiteElo "1892"]
[BlackElo "1797"]
[EventDate "2017.10.12"]

1.d4 Nf6 2.Bf4 d5 3.e3 c5 4.c3 Qb6 5.Qb3 Nc6 6.Nd2 c4 7.Qc2 g6 8.e4 Nxe4 
9.Nxe4 dxe4 10.Bxc4 Bf5 11.Qb3 Qxb3 12.Bxb3 Bg7 13.Ne2 a6 14.Ng3 e5 15.
dxe5 Nxe5 16.Bxe5 Bxe5 17.Nxf5 gxf5 18.O-O-O Ke7 19.Rd5 f6 20.g3 h5 21.
Rhd1 Rad8 22.Rxd8 Rxd8 23.Rxd8 Kxd8 24.Bf7 h4 25.Bg6 e3 26.f4 hxg3 27.hxg3
Bb8 28.Kd1 Ke7 29.Bxf5 Kd6 30.g4 Kc6 31.g5 fxg5 32.fxg5 Bf4 33.g6 Bh6 34.
Be4+ Kc7 35.Ke2 b6 36.Bd3 a5 37.Kf3 Kd6 38.Ke4 Ke6 39.Kd4 Kd6 40.a4 Ke6 
41.Kc4 Kd6 42.Kb5 Kc7 43.Be2 Bg7 44.Bf3 Bf6 45.Kc4 Bg7 46.Kd5 Kd7 47.Ke4 
Bh6 48.Kf5 Bg7 49.Ke4 Bh6 50.b4 Bg7 51.Kd3 Kd6 52.Kc4 Kc7 53.bxa5 bxa5 54.
Kd3 Kb6 55.Kc4 Bf6 56.Kd3 Kc5 57.Be2 Bg7 1/2-1/2

[Event "South Island Championship 2017"]
[Site "Dunedin, NZL"]
[Date "2017.10.12"]
[Round "4.4"]
[White "Johnson, Quentin J F"]
[Black "Brockway, Andrew"]
[Result "1/2-1/2"]
[WhiteElo "2031"]
[BlackElo "1716"]
[EventDate "2017.10.12"]

1.d4 Nf6 2.c4 e6 3.Nf3 Bb4+ 4.Bd2 Qe7 5.g3 Bxd2+ 6.Nbxd2 d6 7.Bg2 Nbd7 8.
O-O O-O 9.Ne1 e5 10.d5 a5 11.Qc2 Nc5 12.e4 Ne8 13.f4 f5 14.fxe5 Qxe5 15.
Nef3 Qf6 16.Nh4 Qd4+ 17.Kh1 fxe4 18.Rxf8+ Kxf8 19.Nxe4 Nxe4 20.Bxe4 Nf6 
21.Bxh7 Nxh7 22.Qxh7 Qxc4 23.Qh8+ Kf7 24.Qh5+ Kg8 25.Re1 Bd7 26.Ng6 Re8 
27.Rxe8+ Bxe8 28.Qh8+ Kf7 29.Qf8+ Kxg6 30.Qxe8+ Kh7 31.Qh5+ Kg8 32.Qe8+ 
Kh7 1/2-1/2

[Event "South Island Championship 2017"]
[Site "Dunedin, NZL"]
[Date "2017.10.12"]
[Round "4.5"]
[White "Dolejs, Dan"]
[Black "Gold, Hamish"]
[Result "0-1"]
[WhiteElo "1733"]
[BlackElo "1726"]
[EventDate "2017.10.12"]

1.b4 e5 2.a3 d5 3.Bb2 Bd6 4.Nf3 Qe7 5.g3 Nf6 6.e3 O-O 7.c4 c6 8.c5 Bc7 9.
Be2 a5 10.O-O axb4 11.axb4 Rxa1 12.Bxa1 Nbd7 13.Nh4 g6 14.f4 e4 15.Qb3 b6 
16.Qb2 h5 17.cxb6 Bxb6 18.Nc3 d4 19.Na4 Ba7 20.exd4 Re8 21.Nc5 Nd5 22.Ng2 
N7b6 23.Ne3 Bh3 24.Rf2 Bb8 25.Bf1 Bxf1 26.Kxf1 f5 27.Qa2 Kh7 28.Bc3 Bd6 
29.Qa6 Bxc5 30.dxc5 Nxe3+ 31.dxe3 Nd5 32.Bd2 Qd7 33.Re2 Rb8 34.Qc4 Qb7 35.
Be1 Qa7 36.Kf2 Qa3 37.Qd4 Nxb4 38.Bxb4 Rxb4 39.Qf6 Qa7 40.Qxc6 Rc4 41.Rd2 
Qa5 42.Rd7+ Kh6 43.Kg2 Rc2+ 44.Kh3 Qa2 45.Rh7+ Kxh7 46.Kh4 Rxh2+ 47.Kg5 
Qf7 48.Qd6 h4 49.g4 fxg4 0-1

[Event "South Island Championship 2017"]
[Site "Dunedin NZL"]
[Date "2017.10.12"]
[Round "4.6"]
[White "Weng, Xintong (Winston)"]
[Black "Cummings, Nick"]
[Result "1/2-1/2"]
[WhiteElo "1171"]
[BlackElo "2102"]
[EventDate "2017.10.11"]

1.c4 b6 2.Nc3 Bb7 3.e4 e6 4.g3 c5 5.Bg2 Nc6 6.Nge2 g6 7.O-O Bg7 8.d3 Nge7 
9.Be3 O-O 10.f4 f5 11.h3 a6 12.Kh2 Qc7 13.Qd2 Nd4 14.Rab1 Nec6 15.Bf2 d6 
16.Nxd4 Nxd4 17.Ne2 Nxe2 18.Qxe2 e5 19.Be3 Rae8 20.Qc2 Re7 21.Rfe1 Rfe8 
22.a3 Bc6 23.b4 exf4 24.Bxf4 Be5 25.bxc5 bxc5 26.Bxe5 Rxe5 27.Rb2 fxe4 28.
dxe4 1/2-1/2

[Event "South Island Championship 2017"]
[Site "Dunedin NZL"]
[Date "2017.10.12"]
[Round "4.7"]
[White "Black, Ross"]
[Black "Heperi, Dallin"]
[Result "1-0"]
[WhiteElo "1790"]
[BlackElo "1557"]
[EventDate "2017.10.11"]

1.e4 d5 2.exd5 Nf6 3.Nc3 e6 4.dxe6 Bxe6 5.Nf3 Bd6 6.Be2 c6 7.d3 Qc7 8.h3 
Nbd7 9.Be3 O-O-O 10.Nd4 Kb8 11.Nxe6 fxe6 12.Bf3 Nd5 13.Bd2 N7f6 14.Nxd5 
exd5 15.O-O h5 16.Re1 Rdf8 17.Re6 Bh2+ 18.Kh1 Ng4 19.Bxg4 hxg4 20.Qxg4 
Rxf2 21.Rae1 Qg3 22.Re8+ Rxe8 23.Rxe8+ Kc7 24.Re7+ Kd6 25.Bb4+ 1-0

[Event "South Island Championship 2017"]
[Site "Dunedin NZL"]
[Date "2017.10.12"]
[Round "4.8"]
[White "Sarfas, Edward"]
[Black "Lough, Max"]
[Result "0-1"]
[WhiteElo "1843"]
[BlackElo "1528"]
[EventDate "2017.10.11"]

1.e4 c6 2.d4 d5 3.e5 Bf5 4.Bd3 Bxd3 5.Qxd3 e6 6.Ne2 c5 7.c3 Qb6 8.O-O Nc6 
9.b3 cxd4 10.cxd4 Nge7 11.Nbc3 a6 12.Bb2 Nf5 13.Na4 Qa7 14.Rac1 Be7 15.a3 
O-O 16.b4 Rac8 17.Kh1 b5 18.Nc5 Bxc5 19.bxc5 Na5 20.Rc2 Nc4 21.Bc1 Qc7 22.
Qb3 Rb8 23.Rc3 Qa5 24.Qb4 Qxb4 25.axb4 Ra8 26.Rb3 Rfc8 27.Rd1 Ne7 28.Nc3 
Nc6 29.g4 g6 30.h4 Kg7 31.Bg5 Kg8 32.h5 Kf8 33.hxg6 hxg6 34.Kg2 Ke8 35.Ne2
Kd7 36.Bf6 Rc7 37.Ng1 Raa7 38.Nf3 Kc8 39.Rh1 Kb8 40.Rh3 Rab7 41.Rh1 Ka7 
42.Bg5 Rd7 43.Be3 Rb8 44.Ng5 Rbb7 45.Nh7 Rdc7 46.Nf6 Rb8 47.Kf3 Nxd4+ 48.
Bxd4 Nd2+ 49.Ke3 Nxb3 50.Bb2 a5 51.bxa5 Nxc5 52.Bd4 Rbc8 53.Rh7 Ka6 54.
Bxc5 Rxc5 55.Rxf7 R5c7 56.Rh7 Rxh7 57.Nxh7 Kxa5 58.Ng5 b4 0-1

[Event "South Island Championship 2017"]
[Site "Dunedin NZL"]
[Date "2017.10.12"]
[Round "4.9"]
[White "Clarkson, Robert D"]
[Black "Stevenson, Michael"]
[Result "1-0"]
[WhiteElo "1631"]
[BlackElo "1498"]
[EventDate "2017.10.11"]

1.a3 e6 2.d4 f5 3.Nf3 Nf6 4.e3 Be7 5.Nc3 O-O 6.Bc4 d6 7.Ng5 d5 8.Bd3 a6 9.
Ne2 Bd6 10.c4 Ne4 11.Nf3 dxc4 12.Bxc4 b5 13.Bd3 Bb7 14.Nc3 Qf6 15.Bc2 Nd7 
16.Bb3 Kh8 17.O-O Qh6 18.Ne2 Ng5 19.Ng3 Nxf3+ 20.gxf3 Rae8 21.f4 Qh3 22.f3
Nf6 23.Qe2 Nd5 24.Qg2 Qh4 25.Bxd5 exd5 26.Bd2 Qf6 27.Rad1 c5 28.Ne2 Re6 
29.Kh1 c4 30.Rg1 Rfe8 31.Qf2 Qh6 32.Rg5 Bxf4 33.Nxf4 Qxg5 34.Nxe6 Rxe6 35.
Rg1 Qh5 36.Qg3 Bc8 37.Qxg7# 1-0

[Event "South Island Championship 2017"]
[Site "Dunedin NZL"]
[Date "2017.10.12"]
[Round "4.10"]
[White "Beneke, Carel"]
[Black "Murdoch, Stephen"]
[Result "0-1"]
[WhiteElo "1500"]
[BlackElo "1598"]
[EventDate "2017.10.11"]

1.e4 c6 2.d4 d5 3.e5 Bf5 4.Nc3 e6 5.Be3 Nd7 6.h4 h5 7.Bd3 Ne7 8.Nge2 Bxd3 
9.Qxd3 Nf5 10.Bf4 Nxh4 11.g3 Ng2+ 12.Kd2 g5 13.Rh2 Nxf4 14.gxf4 gxf4 15.
Qf3 h4 16.Rah1 c5 17.Kd1 cxd4 18.Nxd4 Nxe5 19.Qxf4 Ng6 20.Qg4 Qf6 21.Ndb5 
Kd8 22.Qa4 Bc5 23.Qa5+ b6 24.Qa6 Qe7 25.Re1 Qd7 26.Na4 Ke7 27.Nxc5 bxc5 
28.Nc3 Qd6 29.Qb7+ Kf6 30.Qb3 c4 31.Qa3 Qxh2 32.Ne2 Qc7 33.Nd4 h3 34.Rh1 
h2 35.Qf3+ Qf4 36.Qc3 e5 37.Ne2 Qxf2 38.Ng3 Rh3 39.Ne4+ dxe4 40.Qxh3 Qg1+ 
41.Qf1+ Qxf1+ 42.Rxf1+ Nf4 43.Ke1 Rg8 44.Kf2 Rg2+ 0-1

[Event "South Island Championship 2017"]
[Site "Dunedin NZL"]
[Date "2017.10.12"]
[Round "4.11"]
[White "De Briey, Aurian"]
[Black "Lukey, Bryce"]
[Result "1/2-1/2"]
[WhiteElo "1540"]
[BlackElo "1538"]
[EventDate "2017.10.11"]

1.d4 Nf6 2.c4 e6 3.Nc3 Bb4 4.e3 O-O 5.Nf3 d5 6.Bd3 b6 7.cxd5 Nxd5 8.Qc2 h6
9.O-O Nxc3 10.bxc3 Be7 11.Re1 Bb7 12.e4 Re8 13.Bf4 Nd7 14.Qd1 Nf8 15.e5 
Ng6 16.Bg3 Qd7 17.Nd2 c5 18.Qc2 cxd4 19.Bxg6 fxg6 20.cxd4 Qxd4 21.Nb3 Qd5 
22.f3 g5 23.Rad1 Qc6 24.Qg6 Rad8 25.Nd4 Bc5 26.Bf2 Bxd4 27.Bxd4 Qc4 28.a3 
Bc6 29.Bb2 Rxd1 30.Rxd1 Qe2 31.Rc1 Qxb2 32.Rxc6 Qa1+ 33.Kf2 Qd4+ 34.Kf1 
Qa1+ 35.Kf2 1/2-1/2

[Event "South Island Championship 2017"]
[Site "Dunedin, NZL"]
[Date "2017.10.13"]
[Round "5.1"]
[White "Rains, Edward"]
[Black "Lukey, Stephen G"]
[Result "0-1"]
[WhiteElo "2053"]
[BlackElo "2188"]
[EventDate "2017.10.13"]

1.e4 e6 2.d4 d5 3.Nd2 c5 4.exd5 Qxd5 5.Ngf3 cxd4 6.Bc4 Qd6 7.O-O Nf6 8.Nb3
Nc6 9.Nbxd4 Nxd4 10.Nxd4 a6 11.Bb3 Qc7 12.Bg5 Bd6 13.h3 b5 14.Bxf6 gxf6 
15.Qh5 O-O 16.c3 Kh8 17.Qh6 Rg8 18.Qxf6+ Rg7 19.Bd1 Be5 20.Qh4 Bb7 21.Nf3 
Rag8 22.g4 Qc6 23.Re1 Bc7 24.Qf6 Rd8 25.Be2 Rd5 26.Rad1 Rf5 27.Qxg7+ Kxg7 
28.gxf5 exf5 29.Rd3 Qh6 30.Rd7 Qf4 31.Kf1 Be4 32.Bd1 Bb8 33.Nd4 Qh2 34.Ke2
Qxh3 35.Rg1+ Kf6 36.Ke1 Bh2 37.Rg8 Bf4 38.Bb3 Qh1+ 39.Ke2 Bd3+ 0-1

[Event "South Island Championship 2017"]
[Site "Dunedin, NZL"]
[Date "2017.10.13"]
[Round "5.2"]
[White "Jellyman, Riley"]
[Black "Punsalan, Vyanla M"]
[Result "0-1"]
[WhiteElo "1797"]
[BlackElo "1892"]
[EventDate "2017.10.13"]

1.e4 c5 2.Nf3 g6 3.d4 cxd4 4.Nxd4 Bg7 5.c4 Nc6 6.Be3 Nf6 7.Nc3 O-O 8.f3 
Ne8 9.Qd2 d6 10.Be2 Nc7 11.O-O-O Ne6 12.Nb3 Bd7 13.g4 a5 14.Na4 Nb4 15.Nc3
a4 16.Nd4 Nc5 17.Nd5 Nxa2+ 18.Kb1 Nb3 19.Qd3 e6 20.Kxa2 exd5 21.cxd5 Nc5 
22.Qa3 b5 23.Nxb5 Bxb5 24.Bxb5 Rb8 25.Bxc5 dxc5 26.Bxa4 Rxb2+ 27.Qxb2 Bxb2
28.Kxb2 Qf6+ 29.Ka2 Ra8 30.d6 Qc3 0-1

[Event "South Island Championship 2017"]
[Site "Dunedin, NZL"]
[Date "2017.10.13"]
[Round "5.3"]
[White "Gold, Hamish"]
[Black "Weng, Xintong (Winston)"]
[Result "1-0"]
[WhiteElo "1726"]
[BlackElo "2006"]
[EventDate "2017.10.13"]

1.d4 d5 2.Nf3 e6 3.Nbd2 Nf6 4.e3 Bd6 5.Ne5 O-O 6.Bd3 Nbd7 7.f4 c5 8.c3 c4 
9.Bc2 b5 10.O-O Qc7 11.Qf3 a5 12.Qh3 b4 13.g4 g6 14.g5 Nh5 15.Rf3 Nb6 16.
Qh4 f6 17.gxf6 Nxf6 18.Rg3 Bxe5 19.dxe5 Ne8 20.Nf3 Ng7 21.Bxg6 hxg6 22.
Rxg6 Qf7 23.Rh6 Qf5 24.Ng5 Ne8 25.Rh8+ Kg7 26.Qh6# 1-0

[Event "South Island Championship 2017"]
[Site "Dunedin, NZL"]
[Date "2017.10.13"]
[Round "5.4"]
[White "Brockway, Andrew"]
[Black "Christie, Richie"]
[Result "1/2-1/2"]
[WhiteElo "1716"]
[BlackElo "1892"]
[EventDate "2017.10.13"]

1.e4 Nf6 2.e5 Nd5 3.d4 d6 4.c4 Nb6 5.exd6 cxd6 6.Nc3 g6 7.Be3 Bg7 8.Rc1 
O-O 9.b3 f5 10.Qd2 e5 11.dxe5 dxe5 12.Qxd8 Rxd8 13.c5 N6d7 14.Bc4+ Kh8 15.
f3 Nc6 16.Nd5 Nf6 17.Nc7 Rb8 18.Nb5 Ne8 19.Bg5 Bf6 20.Bxf6+ Nxf6 21.Nd6 
Kg7 22.Ne2 Nd7 23.Bb5 Nb4 24.a3 1/2-1/2

[Event "South Island Championship 2017"]
[Site "Dunedin NZL"]
[Date "2017.10.13"]
[Round "5.6"]
[White "Cummings, Nick"]
[Black "Dolejs, Dan"]
[Result "1-0"]
[WhiteElo "2102"]
[BlackElo "1930"]
[EventDate "2017.10.11"]

1.Nf3 d5 2.c4 Nf6 3.g3 g6 4.Bg2 Bg7 5.O-O O-O 6.cxd5 Nxd5 7.Nc3 c6 8.d4 
Nd7 9.Nxd5 cxd5 10.Bf4 Qb6 11.Qb3 Qxb3 12.axb3 Nb6 13.Rfc1 e6 14.Rc7 f6 
15.Bh3 g5 16.Bd6 Re8 17.Bc5 e5 18.Bxc8 Nxc8 19.Rxb7 g4 20.Nh4 exd4 21.Nf5 
Bf8 22.Bxf8 Kxf8 23.Ra6 Nb6 24.Nxd4 h5 25.e3 Rec8 26.Kg2 Kg8 27.Nf5 Rc2 
28.Rbxb6 Rxb2 29.Rb7 Rc8 30.Ne7+ 1-0

[Event "South Island Championship 2017"]
[Site "Dunedin NZL"]
[Date "2017.10.13"]
[Round "5.7"]
[White "Picken, Oliver"]
[Black "Clarkson, Robert D"]
[Result "1-0"]
[WhiteElo "1949"]
[BlackElo "1631"]
[EventDate "2017.10.11"]

1.d4 Nf6 2.Bf4 d6 3.Nc3 Bf5 4.f3 h6 5.e4 Bd7 6.Bc4 e6 7.Qd2 a6 8.Nge2 Be7 
9.O-O-O b5 10.Bd3 b4 11.Nb1 a5 12.e5 Nd5 13.g3 Na6 14.Be4 Bc6 15.Qd3 Qd7 
16.Rdg1 Bb7 17.Kd1 c5 18.Ke1 Nac7 19.c4 Ba6 20.Qc2 Rc8 21.cxd5 cxd4 22.
exd6 Nxd5 23.Qd2 Bf6 24.Bxd5 e5 25.Kf2 d3 26.Rc1 Qxd6 27.Rxc8+ Bxc8 28.
Qxd3 Qc5+ 29.Be3 e4 30.Qxe4+ Qe7 31.Qxe7+ Bxe7 32.Nd4 O-O 33.Nc6 Bf6 34.
Re1 Bd7 35.Bc5 Re8 36.Rxe8+ Bxe8 37.Nxa5 Bxb2 38.Bc6 Bxc6 39.Nxc6 b3 40.
axb3 Bf6 41.b4 1-0

[Event "South Island Championship 2017"]
[Site "Dunedin NZL"]
[Date "2017.10.13"]
[Round "5.8"]
[White "Murdoch, Stephen"]
[Black "Duffield, Terence"]
[Result "0-1"]
[WhiteElo "1598"]
[BlackElo "1820"]
[EventDate "2017.10.11"]

1.d4 g6 2.Nf3 Bg7 3.g3 d5 4.Bg2 Nf6 5.O-O O-O 6.c3 Nc6 7.Bg5 h6 8.Bc1 Ne4 
9.Nbd2 f5 10.Nb3 Be6 11.Nc5 Nxc5 12.dxc5 b6 13.cxb6 axb6 14.Nd4 Nxd4 15.
cxd4 c6 16.e3 Bf7 17.f4 Qc7 18.a3 Ra6 19.Rb1 Rfa8 20.b4 e6 21.Rf2 Bf8 22.
Rc2 Be8 23.Bf1 R6a7 24.Bb2 Qb8 25.Qd3 Qd8 26.h4 g5 27.hxg5 hxg5 28.Rh2 
gxf4 29.gxf4 Rg7+ 30.Kf2 Be7 31.Rg2 Bh4+ 32.Ke2 Bg3 33.Kd2 Bh5 34.Kc2 Bf3 
0-1

[Event "South Island Championship 2017"]
[Site "Dunedin NZL"]
[Date "2017.10.13"]
[Round "5.9"]
[White "Heperi, Dallin"]
[Black "Beneke, Carel"]
[Result "1-0"]
[WhiteElo "1557"]
[BlackElo "1500"]
[EventDate "2017.10.11"]

1.e4 e5 2.Bc4 Nf6 3.Qe2 Bc5 4.c3 O-O 5.f4 Bxg1 6.Rxg1 d5 7.Bb3 exf4 8.e5 
Ne4 9.d3 Qh4+ 10.g3 fxg3 11.hxg3 Nxg3 12.Qf2 Nf5 13.Qxh4 Nxh4 14.Bxd5 Nc6 
15.d4 Be6 16.Be4 f5 17.Bh1 Rad8 18.Bg5 Nxd4 19.cxd4 Rxd4 20.Nd2 Ng6 21.Be3
Rd3 22.Bg5 Bd5 23.Bxd5+ Rxd5 24.O-O-O Nxe5 25.Rdf1 g6 26.Nf3 Nd3+ 27.Kb1 
Re8 28.Rg2 Re4 29.Bf6 c6 30.Bc3 a5 31.a3 a4 32.Ng5 Rg4 33.Rxg4 fxg4 34.Nf7
Rf5 35.Nh6+ Kf8 36.Nxf5 gxf5 37.Rxf5+ Ke7 38.Rg5 Nf2 39.Bd4 g3 40.Rxg3 Kd6
41.Bxf2 1-0

[Event "South Island Championship 2017"]
[Site "Dunedin NZL"]
[Date "2017.10.13"]
[Round "5.10"]
[White "Stevenson, Michael"]
[Black "De Briey, Aurian"]
[Result "0-1"]
[WhiteElo "1498"]
[BlackElo "1540"]
[EventDate "2017.10.11"]

1.d4 d5 2.c4 e6 3.Nf3 Nf6 4.Bg5 Be7 5.Nc3 c5 6.cxd5 Nxd5 7.Bxe7 Qxe7 8.
Nxd5 exd5 9.dxc5 Qxc5 10.e3 Qb4+ 11.Qd2 Qxd2+ 12.Nxd2 O-O 13.Be2 Nc6 14.a3
Re8 15.O-O Bf5 16.Bf3 Be4 17.Nxe4 dxe4 18.Be2 Rac8 19.Rac1 Ne5 20.Rxc8 
Rxc8 21.Rb1 g6 22.h3 a6 23.Bd1 Rd8 24.Kf1 Rd2 25.Ke1 Rxb2 26.Rxb2 Nd3+ 27.
Ke2 Nxb2 28.Bc2 f5 29.Kd2 Nc4+ 30.Kc3 Nxa3 31.Ba4 Kf7 32.Bb3+ Ke7 33.Bd5 
b6 34.Bg8 h6 35.Kb3 Nb5 36.Bc4 Nc7 37.Kc3 Kd6 38.Kd4 a5 39.Bf7 Ne6+ 40.Kc4
g5 41.Kb5 Kd5 42.Kxb6 a4 43.Bxe6+ Kxe6 0-1

[Event "South Island Championship 2017"]
[Site "Dunedin NZL"]
[Date "2017.10.13"]
[Round "5.11"]
[White "Lukey, Bryce"]
[Black "Sarfas, Edward"]
[Result "0-1"]
[WhiteElo "1538"]
[BlackElo "1843"]
[EventDate "2017.10.11"]

1.d4 d6 2.e4 Nf6 3.Nc3 Nc6 4.Nf3 a6 5.Bd3 Bg4 6.Be3 e5 7.d5 Nd4 8.h3 Bxf3 
9.gxf3 c5 10.a4 Be7 11.Nb1 Qb6 12.b3 Rc8 13.a5 Qd8 14.f4 g6 15.fxe5 dxe5 
16.c4 b6 17.axb6 Qxb6 18.Nd2 O-O 19.Rb1 a5 20.Bf1 Qb4 21.Bxd4 cxd4 22.Bd3 
Nh5 23.Kf1 Nf4 24.Be2 Rb8 25.Bf3 Bg5 26.h4 Bh6 27.Rb2 a4 28.Rb1 axb3 29.
Rxb3 Qa5 30.Rxb8 Rxb8 31.Rg1 Qa2 32.Bg4 Rb7 33.Nf3 0-1

[Event "South Island Championship 2017"]
[Site "Dunedin, NZL"]
[Date "2017.10.13"]
[Round "6.1"]
[White "Lukey, Stephen G"]
[Black "Punsalan, Vyanla M"]
[Result "0-1"]
[WhiteElo "2188"]
[BlackElo "1892"]
[EventDate "2017.10.13"]

1.d4 f5 2.e4 fxe4 3.Nc3 Nf6 4.Bg5 e6 5.Nxe4 Be7 6.Bxf6 Bxf6 7.Nf3 b6 8.Bd3
Bb7 9.Ne5 O-O 10.Qh5 Bxe5 11.Ng5 h6 12.h4 Bxd4 13.O-O-O Qf6 14.Kb1 Bxb2 
15.Nh7 Qc3 16.Nxf8 Ba3 17.Qb5 Kxf8 18.Rh3 Qb4+ 19.Qxb4+ Bxb4 20.Bg6 Bd6 
21.g4 Na6 22.f4 Nc5 23.f5 Be4 24.h5 exf5 25.gxf5 Be5 26.Re3 d5 27.a4 Nxa4 
28.Rf1 Bf6 29.Ka2 d4 30.Ree1 Bxc2 0-1

[Event "South Island Championship 2017"]
[Site "Dunedin, NZL"]
[Date "2017.10.13"]
[Round "6.2"]
[White "Rains, Edward"]
[Black "Gold, Hamish"]
[Result "1-0"]
[WhiteElo "2053"]
[BlackElo "1726"]
[EventDate "2017.10.13"]

1.e4 e5 2.Nf3 Nc6 3.d4 exd4 4.Bc4 Bc5 5.c3 Nf6 6.cxd4 Bb4+ 7.Bd2 Nxe4 8.
Bxb4 Nxb4 9.Bxf7+ Kxf7 10.Qb3+ d5 11.Qxb4 c5 12.Qa4 cxd4 13.Qxd4 Qa5+ 14.
Nc3 Bd7 15.Ne5+ Ke7 16.b4 Qd8 17.Nxd5+ Kf8 18.Qxe4 g6 19.O-O Bf5 20.Qf3 
Kg7 21.Rad1 Rf8 22.Qc3 Kg8 23.Nc7 Qc8 24.Qb3+ Kg7 25.Nxa8 Qxa8 26.Nd7 Rf7 
27.Qc3+ Kg8 28.Nf6+ Kf8 29.Nxh7+ Rxh7 30.Qf6+ 1-0

[Event "South Island Championship 2017"]
[Site "Dunedin, NZL"]
[Date "2017.10.13"]
[Round "6.3"]
[White "Johnson, Quentin J F"]
[Black "Cummings, Nick"]
[Result "1-0"]
[WhiteElo "2031"]
[BlackElo "2096"]
[EventDate "2017.10.13"]

1.d4 e6 2.c4 b6 3.Nf3 Bb7 4.g3 f5 5.Bg2 Nf6 6.O-O Be7 7.Nc3 Ne4 8.Qc2 Nxc3
9.Qxc3 O-O 10.b3 Bf6 11.Bb2 d6 12.b4 Nd7 13.Qb3 Qe7 14.Rac1 c5 15.bxc5 
dxc5 16.e3 Rab8 17.Rfd1 Rbc8 18.Ne5 Bxg2 19.Nxd7 Qxd7 20.Kxg2 Rfd8 21.f3 
Qc7 22.d5 Bxb2 23.Qxb2 e5 24.e4 fxe4 25.fxe4 Qd6 26.Rf1 Rf8 27.Rxf8+ Rxf8 
28.Rf1 Rxf1 29.Kxf1 g6 30.Kg2 Kf7 31.Qb5 Ke7 32.a4 Qc7 33.Qa6 Kd7 34.Kf3 
Kd8 35.Ke3 Qg7 36.Kd3 Qf7 37.Ke2 Qd7 38.a5 Qa4 39.Qxa7 Qxc4+ 40.Kf3 Qd3+ 
41.Kg4 Qxe4+ 42.Kg5 Qf5+ 43.Kh6 Qf8+ 44.Kxh7 bxa5 45.Qb8+ Ke7 46.Qxe5+ Kf7
47.Qe6# 1-0

[Event "South Island Championship 2017"]
[Site "Dunedin, NZL"]
[Date "2017.10.13"]
[Round "6.4"]
[White "Christie, Richie"]
[Black "Picken, Oliver"]
[Result "1-0"]
[WhiteElo "1892"]
[BlackElo "1810"]
[EventDate "2017.10.13"]

1.d4 Nf6 2.Bf4 c5 3.d5 d6 4.Nc3 g6 5.e4 Bg7 6.Nf3 O-O 7.Bc4 a6 8.a4 Qb6 9.
Qd3 Nh5 10.Bd2 f5 11.a5 Qxb2 12.Rb1 Qa3 13.O-O Qxa5 14.Rfe1 Qc7 15.e5 b5 
16.Ng5 bxc4 17.Qxc4 h6 18.exd6 exd6 19.Ne6 Bxe6 20.dxe6 Kh7 21.Nd5 Qc6 22.
Rb6 Qc8 23.Rxd6 Ra7 24.Ba5 Rb7 25.e7 Re8 26.Rd8 Qc6 27.Rxe8 Qxe8 28.Nc7 
Rxc7 29.Bxc7 Nd7 30.Qxa6 Bc3 31.Re6 Ng7 32.Re2 Bf6 33.Bd6 Qf7 34.Re1 Ne8 
35.Qc8 Nb6 36.Qxc5 Nxd6 37.Qxd6 Nc8 38.Qxf6 Qxf6 39.e8=Q Nd6 40.Re7+ 1-0

[Event "South Island Championship 2017"]
[Site "Dunedin, NZL"]
[Date "2017.10.13"]
[Round "6.5"]
[White "Jellyman, Riley"]
[Black "Brockway, Andrew"]
[Result "1-0"]
[WhiteElo "1797"]
[BlackElo "1716"]
[EventDate "2017.10.13"]

1.e4 c5 2.Nf3 g6 3.d4 cxd4 4.Nxd4 Nc6 5.c4 Bg7 6.Be3 Nf6 7.Nc3 O-O 8.Be2 
d6 9.f3 Nxd4 10.Bxd4 Bd7 11.Qd2 Qa5 12.g4 h5 13.g5 Ne8 14.Bxg7 Nxg7 15.Nd5
Qd8 16.O-O-O Be6 17.Qb4 Bxd5 18.Rxd5 Qc7 19.Kb1 Ne6 20.Rhd1 Nf4 21.R5d2 
Nxe2 22.Rxe2 Rac8 23.b3 Rfd8 24.Rd5 b6 25.Red2 Qb8 26.e5 dxe5 27.Qxe7 Re8 
28.Qf6 e4 29.Rd7 Rc7 30.Qxf7+ 1-0

[Event "South Island Championship 2017"]
[Site "Dunedin NZL"]
[Date "2017.10.13"]
[Round "6.6"]
[White "Duffield, Terence"]
[Black "Heperi, Dallin"]
[Result "1/2-1/2"]
[WhiteElo "1820"]
[BlackElo "1557"]
[EventDate "2017.10.11"]

1.e4 d5 2.exd5 Nf6 3.c4 e6 4.dxe6 Bxe6 5.d4 Bb4+ 6.Nc3 Qe7 7.Be3 Nc6 8.Nf3
Bg4 9.Be2 h5 10.O-O Rd8 11.h3 Bxf3 12.Bxf3 Ne5 13.Nd5 Nxd5 14.dxe5 Nxe3 
15.Qa4+ c6 16.fxe3 Bc5 17.Qb3 Qxe5 18.Qxb7 Qxe3+ 19.Kh1 O-O 20.Rae1 Qg5 
21.Qxc6 Rd6 22.Qe4 Rd4 23.Qe5 1/2-1/2

[Event "South Island Championship 2017"]
[Site "Dunedin NZL"]
[Date "2017.10.13"]
[Round "6.7"]
[White "Dolejs, Dan"]
[Black "Weng, Xintong (Winston)"]
[Result "1-0"]
[WhiteElo "1930"]
[BlackElo "1171"]
[EventDate "2017.10.11"]

1.e4 c5 2.Nf3 e6 3.d4 cxd4 4.Bc4 Qc7 5.Qxd4 Nc6 6.Qe3 a6 7.c3 b5 8.Bb3 Bb7
9.O-O d6 10.a4 Na5 11.Bc2 bxa4 12.Bxa4+ Bc6 13.Bxc6+ Nxc6 14.Qe2 a5 15.b4 
Be7 16.b5 Na7 17.Be3 Nc8 18.Nbd2 Nf6 19.c4 O-O 20.Nd4 Bd8 21.Nc6 Ne7 22.
Nxd8 Rfxd8 23.f4 Nc8 24.Qf2 Ng4 25.b6 Qc6 26.Qh4 Nxb6 27.Qxg4 Nxc4 28.Nxc4
Qxc4 29.f5 exf5 30.Qxf5 f6 31.Rxa5 Qc3 32.Qd5+ Kf8 33.Rxa8 Qxe3+ 34.Kh1 
Rxa8 35.Qxa8+ Ke7 36.Qb7+ Kf8 37.Ra1 1-0

[Event "South Island Championship 2017"]
[Site "Dunedin NZL"]
[Date "2017.10.13"]
[Round "6.8"]
[White "Sarfas, Edward"]
[Black "Black, Ross"]
[Result "1-0"]
[WhiteElo "1843"]
[BlackElo "1790"]
[EventDate "2017.10.11"]

1.e4 e5 2.Nf3 Nf6 3.d4 exd4 4.e5 Nd5 5.Qxd4 c6 6.Nc3 Bb4 7.Bd2 Bxc3 8.Bxc3
Nxc3 9.Qxc3 O-O 10.Rd1 b5 11.Be2 Na6 12.O-O Nc7 13.Nd4 Nd5 14.Qg3 g6 15.c4
bxc4 16.Bxc4 Nb6 17.Bb3 Qc7 18.h4 Ba6 19.Rfe1 Rae8 20.h5 Bc4 21.hxg6 hxg6 
22.Bc2 Be6 23.Nf3 Kg7 24.Rd4 Rh8 25.Nd2 Rh6 26.Rh4 Reh8 27.Rxh6 Rxh6 28.b3
Qd8 29.f3 Nd5 30.Nc4 Nc3 31.f4 Nxa2 32.f5 Bxc4 33.f6+ Kh7 34.bxc4 Qb6+ 35.
Qe3 Nb4 36.Be4 Rh4 37.Qxb6 axb6 38.Kf2 Kh6 39.Kf3 Kg5 40.Rd1 Rf4+ 41.Ke3 
d5 42.exd6 Rxf6 43.d7 Nd5+ 44.cxd5 Rd6 45.Bf3 c5 46.Rb1 Rxd7 47.Rxb6 Kf5 
48.Kd3 Ke5 49.Kc4 g5 50.g3 g4 51.Bg2 Rc7 52.d6 Rd7 53.Kxc5 f5 54.Bb7 f4 
55.gxf4+ Kxf4 56.Kc6 Rg7 57.d7 Rg6+ 58.Kc7 Rxb6 59.Kxb6 1-0

[Event "South Island Championship 2017"]
[Site "Dunedin NZL"]
[Date "2017.10.13"]
[Round "6.9"]
[White "Clarkson, Robert D"]
[Black "Lough, Max"]
[Result "1/2-1/2"]
[WhiteElo "1631"]
[BlackElo "1528"]
[EventDate "2017.10.11"]

1.Nf3 c6 2.d4 d5 3.Bf4 Bf5 4.Nbd2 Nf6 5.h3 h6 6.Qc1 e6 7.e3 Bd6 8.Bxd6 
Qxd6 9.c3 Nbd7 10.Be2 Ne4 11.Nxe4 Bxe4 12.O-O O-O 13.Nd2 Bh7 14.f4 Rac8 
15.Qe1 c5 16.Qf2 c4 17.Qg3 Nf6 18.Qh4 Ne4 19.Nf3 f6 20.Rad1 Qe7 21.g4 Qf7 
22.Kh2 Rc6 23.Rg1 Ra6 24.Ra1 Rb6 25.Rab1 Ra6 1/2-1/2

[Event "South Island Championship 2017"]
[Site "Dunedin NZL"]
[Date "2017.10.13"]
[Round "6.11"]
[White "Beneke, Carel"]
[Black "Stevenson, Michael"]
[Result "1-0"]
[WhiteElo "1500"]
[BlackElo "1498"]
[EventDate "2017.10.11"]

1.e4 e6 2.d4 d5 3.e5 c5 4.Be3 Nc6 5.Bb5 Qc7 6.Ne2 Bd7 7.Nbc3 c4 8.b3 Na5 
9.O-O Bb4 10.a3 Bxc3 11.Bxd7+ Qxd7 12.Nxc3 Ne7 13.b4 Nac6 14.Qg4 Ng6 15.h4
h5 16.Qg5 Qe7 17.Nb5 Rd8 18.Nd6+ Rxd6 19.Qxe7+ Kxe7 20.exd6+ Kxd6 21.b5 
Nce7 22.g3 b6 23.a4 f5 24.f4 Ng8 25.a5 Kc7 26.axb6+ Kb7 27.bxa7 Nf6 28.Ra5
Ra8 29.Bd2 Rxa7 30.Rfa1 Rxa5 31.Bxa5 Nf8 32.Bb4 N6d7 33.Bc5 Nb8 34.Ra7+ 
1-0

[Event "South Island Championship 2017"]
[Site "Dunedin, NZL"]
[Date "2017.10.14"]
[Round "7.1"]
[White "Punsalan, Vyanla M"]
[Black "Johnson, Quentin J F"]
[Result "1/2-1/2"]
[WhiteElo "1892"]
[BlackElo "2031"]
[EventDate "2017.10.14"]

1.e4 c5 2.c3 d5 3.exd5 Qxd5 4.d4 Nf6 5.h3 e6 6.Nf3 Nc6 7.a3 cxd4 8.cxd4 
Be7 9.Nc3 Qd6 10.Be3 O-O 11.Bd3 Rd8 12.O-O b6 13.Qc2 Bb7 14.Rfd1 Rac8 15.
Rac1 Na5 16.Qe2 Qb8 17.Ne5 g6 18.Bc2 Qa8 19.Bg5 Bxg2 20.Bxf6 Bxf6 21.Be4 
Bxe4 22.Nxe4 Be7 23.Qe3 Kg7 24.Ng4 g5 25.Nxg5 Qd5 26.Ne4 Nc4 27.Qh6+ Kh8 
28.Ngf6 Qf5 29.Kh2 Bxf6 30.Nxf6 Qxf2+ 31.Kh1 1/2-1/2